000 00342 a2200157 4500
001 68392
020 _a9786556132495
040 _cAnchieta - Pituba
100 _aMaria, Mateus de Godoi
240 1 0 _aGeografia 7º ano
_l
245 1 0 _aGeografia 7º ano
300 _a208
362 0 _a2023
650 4 _aGeografia e viagens
942 _cBK
999 _c68392
_d68392